|
|
|
|
| LEADER |
00000cas a2200000 a 4500 |
| 001 |
vtls009473113 |
| 003 |
SK-MaSNL |
| 005 |
20260228155929.0 |
| 008 |
090216c19999999xr mr p 0 b0cze c |
| 022 |
|
|
|a 1213-855X
|y 1211-5312
|
| 040 |
|
|
|a SVKPO
|b slo
|c SVKPO
|d SNK
|e AACR2
|
| 043 |
|
|
|a e-xr---
|b e-xr-pg
|2 czenas
|
| 072 |
|
7 |
|a 77
|x Fotografie. Fotografické postupy
|2 Konspekt
|
| 080 |
|
|
|a 77
|2 2001
|
| 080 |
|
|
|a 050
|2 2001
|
| 080 |
|
|
|a 621.397
|2 2001
|
| 210 |
0 |
|
|a Foto video
|b (Praha)
|
| 222 |
|
0 |
|a Foto, video
|b (Praha)
|
| 245 |
0 |
0 |
|a Foto & video
|b advanced
|
| 246 |
3 |
3 |
|a Foto video
|b advanced
|
| 246 |
3 |
3 |
|a Advanced Foto video
|
| 246 |
3 |
3 |
|a FotoVideo
|
| 260 |
|
|
|a Praha
|b Atemi
|c 1999-
|
| 300 |
|
|
|a zv.
|c 29 cm
|
| 310 |
|
|
|a 1x mesačne
|
| 321 |
|
|
|a 6x ročne
|
| 321 |
|
|
|a 10x ročne
|
| 362 |
0 |
|
|a Č. 5 (září/říjen 1999)-
|
| 500 |
|
|
|a Od roku 2002 bez podnázvu
|
| 650 |
0 |
7 |
|a fotografia
|2 SNKPH
|9 1694
|
| 650 |
0 |
7 |
|a videotechnika
|2 SNKPH
|9 3583
|
| 655 |
|
7 |
|a odborné časopisy
|2 SNKPH
|9 70505
|
| 780 |
0 |
0 |
|t Advanced. Obraz & Zvuk
|
| 856 |
4 |
1 |
|u http://www.ifotovideo.cz
|
| 910 |
|
|
|a snk
|
| 910 |
|
|
|a svkpo
|
| 999 |
|
|
|c 916
|d 916
|
| 952 |
|
|
|0 0
|1 0
|4 0
|7 0
|8 4
|a SNK
|b SNK
|d 2020-12-08
|i snk2020/22160
|l 0
|o snkČB 5826/23/2019/1
|p 17A1432266
|r 2026-02-21 19:24:38
|t led.-červen
|w 2026-02-21
|y PREZ
|
| 952 |
|
|
|0 0
|1 0
|4 0
|7 0
|8 4
|a SNK
|b SNK
|d 2020-12-08
|i snk2020/22163
|l 0
|o snkČB 5826/23/2019/2
|p 17A1432267
|r 2026-02-21 19:24:38
|t červ.-pros.
|w 2026-02-21
|y PREZ
|
| 952 |
|
|
|0 0
|1 0
|4 0
|7 0
|8 3
|a SNK
|b SNK
|d 2024-05-28
|i snk2024/8480
|l 0
|o snkČB 5826/27/2023/1
|p 17A1523109
|r 2026-02-21 19:50:03
|t led.-červen
|w 2026-02-21
|y PREZ
|
| 952 |
|
|
|0 0
|1 0
|4 0
|7 0
|8 3
|a SNK
|b SNK
|d 2024-05-28
|i snk2024/8481
|l 0
|o snkČB 5826/27/2023/2
|p 17A1523110
|r 2026-02-21 19:50:03
|t červ.-pros.
|w 2026-02-21
|y PREZ
|
| 952 |
|
|
|0 0
|1 0
|4 0
|7 0
|8 3
|a SNK
|b SNK
|d 2024-05-28
|i snk2024/8469
|l 0
|o snkČB 5826/26/2022/1
|p 17A1523107
|r 2026-02-21 19:50:39
|t led.-červen
|w 2026-02-21
|y PREZ
|
| 952 |
|
|
|0 0
|1 0
|4 0
|7 0
|8 3
|a SNK
|b SNK
|d 2024-05-28
|i snk2024/8473
|l 0
|o snkČB 5826/26/2022/2
|p 17A1523108
|r 2026-02-21 19:50:39
|t červ.-pros.
|w 2026-02-21
|y PREZ
|
| 952 |
|
|
|0 0
|1 0
|4 0
|7 0
|8 4
|a SNK
|b SNK
|d 2022-01-11
|i snk2022/510
|l 0
|o snkČB 5826/24/2020/1
|p 17A1460872
|r 2026-02-21 19:53:18
|t led.-červen
|w 2026-02-21
|y PREZ
|
| 952 |
|
|
|0 0
|1 0
|4 0
|7 0
|8 4
|a SNK
|b SNK
|d 2022-01-11
|i snk2022/513
|l 0
|o snkČB 5826/24/2020/2
|p 17A1460873
|r 2026-02-21 19:53:18
|t červ.-pros.
|w 2026-02-21
|y PREZ
|
| 952 |
|
|
|0 0
|1 0
|4 0
|7 0
|8 3
|a SNK
|b SNK
|d 2025-07-11
|i snk2025/11120
|l 0
|o snkČB 5826/28/2024/1
|p 17A1557170
|r 2026-02-21 20:09:33
|t led.-červen
|w 2026-02-21
|y PREZ
|
| 952 |
|
|
|0 0
|1 0
|4 0
|7 0
|8 3
|a SNK
|b SNK
|d 2025-07-11
|i snk2025/11125
|l 0
|o snkČB 5826/28/2024/2
|p 17A1557171
|r 2026-02-21 20:09:33
|t červ.-pros.
|w 2026-02-21
|y PREZ
|
| 952 |
|
|
|0 0
|1 0
|4 0
|7 0
|8 3
|a SNK
|b SNK
|d 2023-03-15
|i snk2023/4473
|l 0
|o snkČB 5826/25/2021/1
|p 17A1465708
|r 2026-02-21 20:12:24
|t led.- červen
|w 2026-02-21
|y PREZ
|
| 952 |
|
|
|0 0
|1 0
|4 0
|7 0
|8 3
|a SNK
|b SNK
|d 2023-03-15
|i snk2023/4475
|l 0
|o snkČB 5826/25/2021/2
|p 17A1465709
|r 2026-02-21 20:12:24
|t červ.-pros.
|w 2026-02-21
|y PREZ
|
| 952 |
|
|
|0 0
|1 0
|4 0
|7 0
|8 4
|a SNK
|b SNK
|d 2019-03-11
|i snk2019/6532
|l 0
|o snkČB 5826/21/2017/1
|p 17A1343160
|r 2026-02-21 21:51:27
|t led.-červen
|w 2026-02-21
|y PREZ
|
| 952 |
|
|
|0 0
|1 0
|4 0
|7 0
|8 4
|a SNK
|b SNK
|d 2019-03-11
|i snk2019/6538
|l 0
|o snkČB 5826/21/2017/2
|p 17A1343161
|r 2026-02-21 21:51:27
|t červ.-pros.
|w 2026-02-21
|y PREZ
|
| 952 |
|
|
|0 0
|1 0
|4 0
|7 0
|8 4
|a SNK
|b SNK
|d 2019-03-11
|i snk2019/6552
|l 0
|o snkČB 5826/22/2018/1
|p 17A1343162
|r 2026-02-21 21:51:27
|t led.-červen
|w 2026-02-21
|y PREZ
|
| 952 |
|
|
|0 0
|1 0
|4 0
|7 0
|8 4
|a SNK
|b SNK
|d 2019-03-11
|i snk2019/6563
|l 0
|o snkČB 5826/22/2018/2
|p 17A1343163
|r 2026-02-21 21:51:27
|t červ.-pros.
|w 2026-02-21
|y PREZ
|
| 952 |
|
|
|0 0
|1 0
|4 0
|7 0
|8 4
|a SNK
|b SNK
|d 2017-03-13
|i snk2017/6740
|l 0
|o snkČB 5826/20/2016/1
|p 17A1205759
|r 2026-02-21 22:03:55
|t led.-červen
|w 2026-02-21
|y PREZ
|
| 952 |
|
|
|0 0
|1 0
|4 0
|7 0
|8 4
|a SNK
|b SNK
|d 2017-03-13
|i snk2017/6743
|l 0
|o snkČB 5826/20/2016/2
|p 17A1205760
|r 2026-02-21 22:03:55
|t červ.-pros.
|w 2026-02-21
|y PREZ
|
| 952 |
|
|
|0 0
|1 0
|4 0
|7 1
|8 4
|a SNK
|b SNK
|d 2016-05-06
|i snk2016/11709
|l 0
|o snkČB 5826/18/2014
|p 17A1099058
|r 2026-02-21 22:16:38
|t led.-pros., neúplné
|w 2026-02-21
|y NEVYP
|z chýba leden-září
|
| 952 |
|
|
|0 0
|1 0
|4 0
|7 1
|8 4
|a SNK
|b SNK
|d 2016-05-06
|i snk2016/11725
|l 0
|o snkČB 5826/19/2015/1
|p 17A1099057
|r 2026-02-21 22:16:38
|t led.-červen
|w 2026-02-21
|y NEVYP
|
| 952 |
|
|
|0 0
|1 0
|4 0
|7 1
|8 4
|a SNK
|b SNK
|d 2016-05-06
|i snk2016/11729
|l 0
|o snkČB 5826/19/2015/2
|p 17A1099056
|r 2026-02-21 22:16:50
|t červ.-pros.
|w 2026-02-21
|y NEVYP
|